000
00312nam a22001337a 4500
020
_a
8183600212
082
_a
620.1
_b
VAI/ME
100
_a
Vaishwanar, R.S
_9
265
245
_a
Mechanica of Solids, Brass Tube- Steel Rod
250
_a
2
260
_a
New Delhi
_b
Jain Brothers
_c
2007
300
_a
783
942
_c
BK
999
_c
14204
_d
14204